000 00725nam a2200217Ii 4500
003 JO-AjNU
008 230605s9999||||xx |||||||||||||| ||und||
017 _a2004/3/625
040 _aJO-AjNU
_bara
_erda
_cJO-AjNU
041 _aara
050 1 4 _aQK31.D52H3422 2004
100 3 _aالحجاج ، عادل محمد علي ,
_eauthor
_98360
245 0 0 _aابو حنيفة الدينوري شيخ النباتين
250 _aط1
264 3 1 _aعمان:الجامعة الاردنية ، 2004
300 _a120ص
336 _atext
_btxt
_2rdacontent
337 _aunmediated
_bn
_2rdamedia
338 _avolume
_bnc
_2rdacarrier
650 4 _aعلوم النبات- العلماء - النباتات المقيدة
_98361
999 _aA748
_c4316
_d4316